00781cam a22002411 4500001001300000003000400013005001700017008004100034010001700075035002000092040002500112042001200137050001500149082001000164100004000174245002200214260006700236300002400303500006300327500005300390651004900443650004700492ca 32000249 DLC20260227111126.0880523s1932 pl 000 0 pol  aca 32000249  a(OCoLC)17990514 aDLCcMiDWdMiDWdDLC apremarc00aE169b.G29 a917.31 aGąsiorowski, Wacław,d1869-1939.10aNowa Kolchida ... aWarszawa,bDom książki polskiej, spółka akcyjna,c1932. a324, [2] p.c21 cm. aAt head of title: Wacław Gąsiorowski (Wiesław Sclavus) a"Odbito 2200 egzemplarzy numerowanych. No. 914." 0aUnited StatesxSocial conditionsy1918-1932. 0aLabor and laboring classeszUnited States.